000 00591nam a2200229Ia 4500
003 OSt
005 20220918202025.0
006 a|||||r|||| 00| 0
007 ta
008 220917b |||||||| |||| 00| 0 eng d
024 _a98,214
037 _cTextual
040 _aARTS
_cARTS
_beng
041 _2eng
_aeng
082 _aV2:28wM42, D0 (+)
100 _aWarburton Robert
_9101848
245 0 _aEighteen years in the Khyber, 1879-1898
260 _c1900
650 _aHISTORY
942 _hV2:28wM42, D0 (+)
_cTEXL
_2CC
999 _c221807
_d221807